Espíritu y mundo del Antiguo Testamento / (Record no. 168518)

MARC details
000 -LEADER
campo de control de longitud fija 00865nam a2200229 i 4500
001 - NÚMERO DE CONTROL
campo de control 168518
003 - IDENTIFICADOR DE NÚMERO DE CONTROL
campo de control ES-MaACL
005 - FECHA Y HORA DE LA ÚLTIMA TRANSACCIÓN
campo de control 20250819000705.0
008 - DATOS DE LONGITUD FIJA--INFORMACIÓN GENERAL
campo de control de longitud fija 080416s1968 sp |||| | spa d
080 ## - NÚMERO DE LA CLASIFICACIÓN DECIMAL UNIVERSAL
Número de la Clasificación Decimal Universal 221.017
100 1# - ENTRADA PRINCIPAL--NOMBRE DE PERSONA
Nombre de persona McKenzie, John L.
9 (RLIN) 137601
245 13 - MENCIÓN DEL TÍTULO
Título Espíritu y mundo del Antiguo Testamento /
Mención de responsabilidad, etc. John L. MacKenzie ; [Versión de la sexta edición inglesa por Alfredo Oltra Mas].
260 ## - PUBLICACIÓN, DISTRIBUCIÓN, ETC.
Lugar de publicación, distribución, etc. Estella :
Nombre del editor, distribuidor, etc. Verbo Divino,
Fecha de publicación, distribución, etc. [1968]
300 ## - DESCRIPCIÓN FÍSICA
Extensión 448 p. ;
Dimensiones 19 cm.
490 1# - MENCIÓN DE SERIE
Mención de serie Colección "Biblia y Kerygma". Temas de Pastoral Bíblica ;
Designación de volumen o secuencia 2
630 04 - PUNTO DE ACCESO ADICIONAL DE MATERIA--TÍTULO UNIFORME
Título uniforme Biblia.
Nombre de parte o sección de la obra A. T.-
Subdivisión general Crítica e interpretación
9 (RLIN) 119250
700 1# - ENTRADA AGREGADA--NOMBRE PERSONAL
Nombre de persona Oltra, Alfredo M.
9 (RLIN) 87020
830 0# - PUNTO DE ACCESO ADICIONAL DE SERIE-TÍTULO UNIFORME
Título uniforme Colección "Biblia y Kerygma". Temas de Pastoral Bíblica ;
Designación de volumen o secuencia 2
9 (RLIN) 183845
852 ## - LOCALIZACIÓN
Ubicación ES-MaACL
Número de control de estantería E-6148
itemnumber R.90246
852 ## - LOCALIZACIÓN
Ubicación ES-MaACL
Número de control de estantería P-565-Bis-2
Holdings
Estatus retirado Estado de pérdida Estado de daño No para préstamo Biblioteca de origen Biblioteca actual Ubicación en estantería Fecha de adquisición Fuente de adquisición Total de préstamos Signatura topográfica completa Código de barras Visto por última vez Precio de reemplazo Tipo de ítem Koha
        Biblioteca del Ateneo de Madrid Biblioteca del Ateneo de Madrid Depósito 2 15/03/2019     P-565-Bis-2 1200156 23/02/2023 23/02/2023 Libro impreso
        Biblioteca del Ateneo de Madrid Biblioteca del Ateneo de Madrid Depósito 2 16/04/2008     E-6148 1176843 23/02/2023 23/02/2023 Libro impreso